Swords for hire : (Record no. 26465)
[ view plain ]
| 000 -LEADER | |
|---|---|
| fixed length control field | 00851nam a2200265 a 4500 |
| 001 - CONTROL NUMBER | |
| control field | 26465 |
| 003 - CONTROL NUMBER IDENTIFIER | |
| rucl marc code | BD-RjUL |
| 005 - DATE AND TIME OF LATEST TRANSACTION | |
| control field | 20211209051024.0 |
| 008 - FIXED-LENGTH DATA ELEMENTS--GENERAL INFORMATION | |
| fixed length control field | 140322s1971 enkabcf b 001 0ceng d |
| 020 ## - INTERNATIONAL STANDARD BOOK NUMBER | |
| International Standard Book Number | 0719524326 |
| 035 ## - SYSTEM CONTROL NUMBER | |
| System control number | (BD-RjUL)26535 |
| 040 ## - CATALOGING SOURCE | |
| Original cataloging agency | LC |
| Language of cataloging | eng |
| Transcribing agency | LC |
| Modifying agency | NU |
| -- | BD-RjUL |
| 041 ## - LANGUAGE CODE | |
| Language code of text/sound track or separate title | eng |
| 082 04 - DEWEY DECIMAL CLASSIFICATION NUMBER | |
| Classification number | 954.031 |
| Author mark and year | BIS 1971 |
| 100 1# - MAIN ENTRY--PERSONAL NAME | |
| Personal name | Bidwell, Shelford, |
| Dates associated with a name | 1913- |
| 9 (RLIN) | 81377 |
| 245 10 - TITLE STATEMENT | |
| Title | Swords for hire : |
| Remainder of title | european mercenaries in eighteenth-century India / |
| Statement of responsibility, etc. | Shelford Bidwell. |
| 260 ## - PUBLICATION, DISTRIBUTION, ETC. (IMPRINT) | |
| Place of publication, distribution, etc. | London : |
| Name of publisher, distributor, etc. | J. Murray, |
| Date of publication, distribution, etc. | 1971. |
| 300 ## - PHYSICAL DESCRIPTION | |
| Pagination | 258 p., 15 plates. : |
| Illustrations | illus., maps, ports.; |
| Size | 22 cm. |
| 504 ## - BIBLIOGRAPHY, ETC. NOTE | |
| Bibliography, etc | Bibliography: p. 247-248. and index. |
| 650 #0 - SUBJECT ADDED ENTRY--TOPICAL TERM | |
| Topical term or geographic name as entry element | Soldiers of fortune |
| Geographic subdivision | India. |
| 9 (RLIN) | 81378 |
| 651 #0 - SUBJECT ADDED ENTRY--GEOGRAPHIC NAME | |
| Geographic name | India |
| General subdivision | History |
| Chronological subdivision | 18th century. |
| 9 (RLIN) | 81379 |
| Geographic name | India |
| General subdivision | History, Military. |
| 9 (RLIN) | 81380 |
| 942 ## - ADDED ENTRY ELEMENTS (KOHA) | |
| Source of classification or shelving scheme | Dewey Decimal Classification |
| Koha item type | Books |
| Lost status | Source of classification or shelving scheme | Damaged status | Not for loan | Collection code | Permanent Location | Current Location | Shelving location | Date acquired | Source of acquisition | Cost, normal purchase price | Total Checkouts | Full call number | Date last seen | Copy number | Koha item type |
|---|---|---|---|---|---|---|---|---|---|---|---|---|---|---|---|
| Dewey Decimal Classification | Added to bundle | Non-fiction | Central Library, University of Rajshahi | Central Library, University of Rajshahi | Reading Room | 26/05/1975 | Gonathan & Co. | 4.00 | 954.031 BIS 1971 | 22/03/2014 | C-1 | Books | |||
| Dewey Decimal Classification | Non-fiction | Central Library, University of Rajshahi | Central Library, University of Rajshahi | 12/06/1975 | Jonathan wren & Com., London. | 4.00 | 954.031 BIS 1971 | 22/03/2014 | C-2 | Books |